000 00875nam a2200217Ii 4500
003 JO-AjNU
005 20240113101602.0
008 230605s9999||||xx |||||||||||||| ||und||
040 _aJO-AjNU
_bara
_erda
_cJO-AjNU
041 _aara
050 1 4 _aDS79.9.B3.K4232
100 3 _a الخطيب البغدادي، أحمد بن علي بن ثابت,
_eauthor
_943437
245 0 0 _aتاريخ بغداد أومدينة السلام منذ تأسيسها حتى سنة 463 هـ، الجزء 10
264 3 1 _aالمدنية المنورة: المكتبة السلفية، 1900
300 _aم10،ج10، 496ص
336 _atext
_btxt
_2rdacontent
337 _aunmediated
_bn
_2rdamedia
338 _avolume
_bnc
_2rdacarrier
650 4 _aبغداد (العراق) -- تاريخ-- بغداد (العراق) -- تراجم-- العراق -- تاريخ
_943438
942 _2lcc
_cREF
999 _c22242
_d22242